000 00493nam a2200181Ia 4500
005 20250326143118.0
008 250326s9999 xx 000 0 und d
037 _aTextbook
040 _aFMSL
_beng
_cFMSL
041 _aeng
_2eng
084 _aX:8F P3
_qFMSL
100 _aRustagi R P
245 0 _aManagement accounting
_cRustagi R P
260 _aNew Delhi
_bNew Delhi, Galgotia
_c2003
300 _a835 835
942 _cTB
_hX:8F P3
999 _c1298148
_d1298148